Un aspecto desconocido de Tamayo y Baus (Record no. 128536)

MARC details
000 -LEADER
campo de control de longitud fija 00783nam a2200217 i 4500
001 - NÚMERO DE CONTROL
campo de control 128536
003 - IDENTIFICADOR DE NÚMERO DE CONTROL
campo de control ES-MaACL
005 - FECHA Y HORA DE LA ÚLTIMA TRANSACCIÓN
campo de control 20250902111732.0
007 - CAMPO FIJO DE DESCRIPCIÓN FÍSICA--INFORMACIÓN GENERAL
campo de control de longitud fija t|
008 - DATOS DE LONGITUD FIJA--INFORMACIÓN GENERAL
campo de control de longitud fija 070517s1968 sp ||||1| spa d
080 ## - NÚMERO DE LA CLASIFICACIÓN DECIMAL UNIVERSAL
Número de la Clasificación Decimal Universal 86 Tamayo y Baus, Manuel 1.06
100 1# - ENTRADA PRINCIPAL--NOMBRE DE PERSONA
Nombre de persona Tamayo y Baus, Manuel.
9 (RLIN) 109165
245 10 - MENCIÓN DEL TÍTULO
Título Un aspecto desconocido de Tamayo y Baus
Resto del título : su obra lírica /
Mención de responsabilidad, etc. Manuel Tamayo y Baus, Ramón Esquer Torres.
260 ## - PUBLICACIÓN, DISTRIBUCIÓN, ETC.
Lugar de publicación, distribución, etc. Castellón de la Plana :
Nombre del editor, distribuidor, etc. Sociedad castellonense de cultura,
Fecha de publicación, distribución, etc. 1968.
300 ## - DESCRIPCIÓN FÍSICA
Extensión 80 p. ;
Dimensiones 21 cm.
600 14 - PUNTO DE ACCESO ADICIONAL DE MATERIA--NOMBRE DE PERSONA
Nombre de persona Tamayo y Baus, Manuel-
Subdivisión general Crítica e interpretación.
9 (RLIN) 109166
700 1# - ENTRADA AGREGADA--NOMBRE PERSONAL
Nombre de persona Esquer Torres, Ramón.
9 (RLIN) 47961
710 2# - ENTRADA AGREGADA--NOMBRE DE ENTIDAD CORPORATIVA
Nombre de entidad corporativa o nombre de jurisdicción como elemento de entrada Sociedad Castellonense de Cultura
9 (RLIN) 6649
852 ## - LOCALIZACIÓN
Ubicación ES-MaACL
Número de control de estantería C-33766
Sublocalización o colección R.64658
Holdings
Estatus retirado Estado de pérdida Estado de daño No para préstamo Biblioteca de origen Biblioteca actual Ubicación en estantería Fecha de adquisición Fuente de adquisición Total de préstamos Signatura topográfica completa Código de barras Visto por última vez Precio de reemplazo Tipo de ítem Koha
        Biblioteca del Ateneo de Madrid Biblioteca del Ateneo de Madrid Depósito 2 17/01/2008     C-33766 1133865 23/02/2023 23/02/2023 Libro impreso